000 00696nam a2200241Ia 4500
005 20230601105141.0
008 131103s9999 xx 000 0 und d
020 _a812072146 2
040 _aLoreto College
041 _aEnglish
082 _a333.7
_bKAR
100 _aKarpagam, M.
245 _aEnvironmental economics
_b a textbook
_cM.Karpagam
250 _arev. enl. edition
260 _aNew Delhi
_bSterling Publisher
_c1999
300 _axii, 363 p.
_b ill., fig., tables
504 _aIncludes bibliographical references and index
630 _aNatural resources and energy
650 _aEconomics
651 _aEconomics of land and energy
850 _aLCLIB
942 _cBK
999 _c2777
_d53256